000
00280nam a2200109Ia 4500
008
200302s9999 xx 000 0 und d
100
_a
John O Reilly
245
_a
Illusive contemporary illustration part four
260
_b
Die Gestalten Verbg Gmbh
260
_c
2015
300
_a
399
999
_c
7295
_d
7295